000 00992nabaa22002057a 4500
999 _c6296
_d6296
003 OSt
005 20260129015011.0
008 190701b xxu||||| |||| 00| 0 spa d
040 _cPJ
100 _93869
_aCanda, Fabián Omar
245 1 0 _aPrincipios fundamentales del procedimiento administrativo en la LNPA reformada según la Ley de Bases /
_bFabián O. Canda.
300 _ap. 19-35
500 _aCita: TR LALEY AR/DOC/804/2025
505 _aSumario: I. Valores, principios y reglas.— II. Diseño de los principios fundamentales en la LNPA, reformada por ley 27.742.— III. Los principios fundamentales en particular.— IV. Conclusiones
505 _t¿Te interesa el texto completo? Comunicate al correo: koha@justierradelfuego.gov.ar
650 0 _9211
_aDERECHO ADMINISTRATIVO
650 0 _91135
_aPROCEDIMIENTO ADMINISTRATIVO
773 0 _02842
_93251
_dBuenos Aires : AbeledoPerrot, 2012-
_oDA121
_tDerecho administrativo. Nº 159 mayo/junio 2025
_z18510590
942 _2udc
_cANA